000 00336nam a2200145Ia 4500
008 090124s9999 xx 000 0 und d
082 _b200940
245 _a बारी
250 _a1
260 _bदेसाई रणजित
_c1959
300 _a223
630 _a बारी
730 _a बारी
942 _cBOOK
999 _c182509
_d182509